Derniers vainqueurs du giro - Statistiques

Statistiques générales
  • Ce quiz a été pris 45 fois
  • Le résultat moyen est 8 sur 15
Statistiques - réponses
Hint Réponse % Correct
2018 Froome
95%
2016 Nibali
90%
2013 Nibali
90%
2015 Contador
74%
2008 Contador
74%
2021 Bernal
67%
2014 Quintana
67%
2022 Hindley
59%
2017 Dumoulin
54%
2019 Carapaz
46%
2020 Geoghegan Hart
36%
2010 Basso
31%
2012 Hesjedal
31%
2011 Scarponi
13%
2009 Menchov
5%
Aucun quiz correspondant
Distribution des résultats
% des personnes avec chaque résultat
Percentile par nombre de réponses
Votre historique - résultats
Vous n’avez pas pris ce quiz